000 00630cam a2200229 a 4500
001 4243729
005 20180202043106.0
008 850116s1983 enka b 001 0 eng
010 _a 83071883
020 _a0122281012 (v. 1)
020 _a0122281020 (v. 2)
040 _aDLC
_cDLC
_dDLC
041 _aeng
080 _a616.92 EAS
082 0 0 _a616.92 EAS
_219
100 _a8
101 _aINF
245 0 0 _aStaphylococci and staphylococcal infections /
_cedited by C.S.F. Easmon, C. Adlam.
504 _aIncludes bibliographies and index.
906 _a7
_bcbc
_corignew
_d3
_eopcn
_f19
_gy-gencatlg
942 _2ddc
_cBK
999 _c41597
_d41597